000 00418nam a22001697a 4500
005 20160630123354.0
008 160630b xxu||||| |||| 00| 0 eng d
020 _a81-219-2821-4
041 _aeng
082 _b19749
100 _aSharma P C
_93307
245 _aManufacturing technology 1
260 _aNew Delhi
_bSultan Chand & Sons,
_c2014
300 _a362
650 _aDiploma Engineering
_9817
942 _cBK
999 _c4925
_d4923